| 000 | 00973nam a2200229 i 4500 | ||
|---|---|---|---|
| 001 | bg | ||
| 100 | 1 | _aGRATKOWSKI, Stanisław | |
| 245 | 1 | 0 |
_aElementy specjalne w metodzie elementów skończonych stosowanej do obliczeń elektromagnetycznych / _cStanisław Gratkowski. |
| 260 |
_aSzczecin : _bWydaw. Uczelniane PS, _c1996. |
||
| 300 |
_a180, [2] s. : _brys., wykr. ; _c24 cm. |
||
| 490 | 1 |
_aPrace Naukowe Politechniki Szczecińskiej. Katedra Elektrotechniki Teoretycznej i Informatyki, _x1230-1930 ; _vnr 5 |
|
| 500 | _aNr serii gł. 532. - Streszcz. ang., niem. | ||
| 504 | _aBibliogr. s. 169-178. | ||
| 650 | 9 |
_aMetoda elementów skończonych _xstosowanie _xelektrotechnika |
|
| 650 | 9 |
_aElektromagnetyzm _xteoria |
|
| 830 | 0 |
_aPrace Naukowe Politechniki Szczecińskiej. _pKatedra Elektrotechniki Teoretycznej i Informatyki ; _vnr 5 |
|
| 040 | _cBPK | ||
| 041 | 0 |
_apl _bende |
|
| 080 | _a519.61/.64:537.8 | ||
| 942 | _cKS | ||
| 008 | s pl f |000 0 pol | ||
| 999 |
_c39022 _d39022 |
||
| 856 |
_uhttp://koha.tu.koszalin.pl/cgi-bin/koha/opac-detail.pl?biblionumber=39022 _yKatalog online BPK |
||